Falling - Harry Styles (All Lyrics) - Statistics

General Stats
  • This quiz has been taken 157 times
  • The average score is 221 of 241
Answer Stats
Lyrics % Correct
falling
100%
I
100%
i'm
100%
I'm
100%
the
99%
again,
97%
again
97%
you
97%
me
96%
no
96%
to
96%
am
94%
and
94%
in
94%
my
94%
you're
94%
about
93%
about?
93%
here
93%
not
93%
what
93%
don't
91%
it
91%
talk
91%
can
90%
if
90%
it's
90%
someone
90%
too
90%
want
90%
bed
88%
now?
88%
out?
88%
out
88%
said
88%
around?
87%
around
87%
one
87%
there's
87%
won't
87%
can't
86%
we
86%
down?
83%
meant
83%
that
83%
care
81%
forget
81%
but
80%
hands
80%
missed
80%
never
80%
take
80%
you'll
80%
blame
78%
'cause
78%
drink
78%
kills
78%
many
78%
need
78%
wandering
78%
at
77%
cafe
77%
songs
77%
back,
75%
coffee's
75%
get
75%
know
75%
write
75%
feeling
74%
aware
72%
beachwood
72%
of
72%
say
72%
well
72%
things
68%
just
67%
left
67%
run
65%
baggage
59%
unpack
58%
we've
55%
No matching quizzes found
Score Distribution
Percent of People with Each Score
Percentile by Number Answered
Your Score History
You have not taken this quiz